000 00494nam a2200205Ia 4500
003 GCL
008 140319s9999 xx 000 0 eng d
040 _aGCL /
_cGCL
082 0 4 _a526.9
_bB S
100 1 _aRAYMOND, S.
245 1 0 _aSURVEYING /
_cRAYMOND, S.
700 1 _aBANNISTER, ARTHUR
260 _a[S.N] :
_bELBS ،
_c1994
300 _a482 PP
650 0 4 _aCIVIL ENGINEERING
650 0 4 _aELECTROMAGNETIC
650 0 4 _aPHOTOGRAMMETRY
650 0 4 _aSURVEYING
942 _2ddc
_cBK
999 _c20544
_d20544